Most valuable Footballers In The World. - Statistics

General Stats
  • This quiz has been taken 48 times
    9 since last reset
  • The average score is 93 of 100
Answer Stats
Club Country Position Value Answer % Correct
35. PSG Morocco RB 80.00m Achraf Hakimi
100%
76. Barcelona Spain LB 60.00m Alejandro Balde
100%
37. Inter Milan Italy CB 80.00m Alessandro Bastoni
100%
9. Liverpool Sweden ST 140.00m Alexander Isak
100%
17. Liverpool Argentina CM 100.00m Alexis Mac Allister
100%
65. Newcastle England LW 65.00m Anthony Gordon
100%
73. Real Madrid Turkey CAM 60.00m Arda Guler
100%
43. Real Madrid France CDM 75.00m Aurélien Tchouameni
100%
53. Man United Slovenia ST 70.00m Benjamin Sesko
100%
52. PSG France LW 70.00m Bradley Barcola
100%
60. Man United Cameroon RW 70.00m Bryan Mbeumo
100%
8. Arsenal England RW 140.00m Bukayo Saka
100%
58. Liverpool Netherlands LW 70.00m Cody Gakpo
100%
13. Chelsea England CAM 120.00m Cole Palmer
100%
100. Tottenham Argentina CB 55.00m Cristian Romero
100%
14. Arsenal England CM 120.00m Declan Rice
100%
19. PSG France RW 90.00m Desire Doue
100%
27. Liverpool Hungary CAM 85.00m Dominik Szoboszlai
100%
30. Chelsea Argentina CM 80.00m Enzo Fernandez
100%
3. Man City Norway ST 180.00m Erling Haaland
100%
71. Chelsea Brazil RW 60.00m Estevao
100%
12. Real Madrid Uruguay CM 130.00m Federico Valverde
100%
75. Barcelona Spain CAM 60.00m Fermín Lopez
100%
10. Liverpool Germany CAM 130.00m Florian Wirtz
100%
42. Arsenal Brazil CB 75.00m Gabriel
100%
49. Bayern Munich England ST 75.00m Harry Kane
100%
26. Liverpool France ST 85.00m Hugo Ekitike
100%
99. Liverpool France CB 55.00m Ibrahima Konate
100%
7. Bayern Munich Germany CAM 140.00m Jamal Musiala
100%
98. Man City Belgium LW 55.00m Jérémy Doku
100%
20. PSG Portugal CM 90.00m Joao Neves
100%
63. Chelsea Brazil ST 65.00m Joao Pedro
100%
40. Man City Croatia CB 75.00m Josko Gvardiol
100%
2. Real Madrid England CAM 180.00m Jude Bellingham
100%
69. Barcelona France RB 65.00m Jules Kounde
100%
16. Atletico Madrid Argentina ST 100.00m Julian Alvarez
100%
82. Arsenal Germany ST 60.00m Kai Havertz
100%
38. Juventus Turkey LW 75.00m Kenan Yildiz
100%
21. PSG Georgia LW 90.00m Khvicha Kvaratskhelia
100%
4. Real Madrid France ST 180.00m Kylian Mbappe
100%
1. Barcelona Spain RW 200.00m Lamine Yamal
100%
28. Inter Milan Argentina ST 85.00m Lautaro Martinez
100%
56. Bayern Munich Colombia LW 70.00m Luis Diaz
100%
47. Inter Milan France ST 75.00m Marcus Thuram
100%
36. Arsenal Norway CAM 80.00m Martin Odegaard
100%
59. Arsenal Spain CDM 70.00m Martín Zubimendi
100%
55. Man United Brazil CAM/ST 70.00m Matheus Cunha
100%
11. Bayern Munich France RW 130.00m Michael Olise
100%
94. Tottenham Netherlands CB 55.00m Micky van de Ven
100%
15. Chelsea Ecaudor CDM 100.00m Moises Caicedo
100%
64. Aston Villa England CAM 65.00m Morgan Rogers
100%
85. Nottingham Forest Brazil CB 55.00m Murillo
100%
67. Newcastle Germany ST 65.00m Nick Woltemade
100%
86. Como Argentina CAM 55.00m Nico Paz
100%
51. Athletic Club Spain LW 70.00m Nico Williams
100%
39. PSG Portugal LB 75.00m Nuno Mendes
100%
41. Man City Egypt ST 75.00m Omar Marmoush
100%
18. PSG France ST 100.00m Ousmane Dembele
100%
29. Barcelona Spain CB 80.00m Pau Cubarsi
100%
6. Barcelona Spain CM 140.00m Pedri
100%
97. Chelsea Portugal RW 55.00m Pedro Neto
100%
61. AC Milan Portugal LW 70.00m Rafael Leao
100%
24. Barcelona Brazil LW 90.00m Raphinha
100%
33. Real Madrid Brazil RW 80.00m Rodrygo
100%
84. Man City Portugal CB 60.00m Ruben Dias
100%
45. Newcastle Italy CDM 75.00m Sandro Tonali
100%
48. Real Madrid England RB 75.00m Trent Alexander-Arnold
100%
44. Galatasaray Nigeria ST 75.00m Victor Osimhen
100%
46. Arsenal Sweden ST 75.00m Viktor Gyokeres
100%
5. Real Madrid Brazil LW 150.00m Vinicius Junior
100%
22. PSG Portugal CDM 90.00m Vitinha
100%
32. Arsenal France CB 80.00m William Saliba
100%
62. PSG Ecaudor CB 65.00m Willian Pacho
100%
54. Tottenham Netherlands CAM 70.00m Xavi Simons
100%
74. Crystal Palace England CDM 60.00m Adam Wharton
86%
92. Bournmouth Ghana RW 55.00m Antoine Semenyo
86%
31. Newcastle Brazil CM 80.00m Bruno Guimaraes
86%
81. AC Milan USA RW 60.00m Christian Pulisic
86%
83. Barcelona Spain CAM 60.00m Dani Olmo
86%
80. Bayern Munich France CB 60.00m Dayot Upamecano
86%
50. Real Madrid Spain CB 70.00m Dean Huijsen
86%
79. Arsenal Netherlands RB 60.00m Jurriën Timber
86%
87. Man United France CB 55.00m Leny Yoro
86%
96. Tottenham Ghana RW 55.00m Mohammed Kudus
86%
68. Nottingham Forest England CAM 65.00m Morgan Gibbs-White
86%
70. Inter Milan Italy CM 65.00m Nicolò Barella
86%
25. Man City Spain CDM 90.00m Rodri
86%
23. Liverpool Netherlands CDM 90.00m Ryan Gravenberch
86%
88. Bayern Munich Germany CDM 55.00m Aleksandar Pavlovic
71%
93. Newcastle Sweden RW 55.00m Anthony Elanga
71%
72. Brighton Cameroon CDM 60.00m Carlos Baleba
71%
66. Arsenal England CAM 65.00m Eberechi Eze
71%
78. Borussia Dortmund Germany RW 60.00m Karim Adeyemi
71%
91. Chelsea England CB 55.00m Levi Colwill
71%
34. Man City England RW 80.00m Phil Foden
71%
57. Man City Netherlands CM 70.00m Tijjani Reijnders
71%
95. Atletico Madrid Spain LW 55.00m Álex Baena
43%
77. Athletic Club Spain CAM 60.00m Oihan Sancet
43%
89. Atletico Madrid Spain CM 55.00m Pablo Barrios
29%
90. PSG Ukraine CB 55.00m Ilya Zabarnyi
14%
No matching quizzes found
Score Distribution
Percent of People with Each Score
Percentile by Number Answered
Your Score History
You have not taken this quiz since the last reset